Sahitya paribhashika pustaka male : Astitvavada (Record no. 92862)
[ view plain ]
| 000 -LEADER | |
|---|---|
| fixed length control field | 00762nam a2200205Ia 4500 |
| 003 - CONTROL NUMBER IDENTIFIER | |
| control field | OSt |
| 005 - DATE AND TIME OF LATEST TRANSACTION | |
| control field | 20260428120622.0 |
| 008 - FIXED-LENGTH DATA ELEMENTS--GENERAL INFORMATION | |
| fixed length control field | 210210b1989 xxu||||| |||| 00| 0 eng d |
| 040 ## - CATALOGING SOURCE | |
| Transcribing agency | AL |
| 041 ## - LANGUAGE CODE | |
| Language code of text/sound track or separate title | Kannada |
| 082 ## - DEWEY DECIMAL CLASSIFICATION NUMBER | |
| Classification number | K894.9 GIRS |
| 100 ## - MAIN ENTRY--PERSONAL NAME | |
| Personal name | .GIRADDI GOVINDARAJA |
| 9 (RLIN) | 150906 |
| Dates associated with a name | ಗಿರಡ್ಡಿ ಗೋವಿಂದರಾಜ , Samp |
| 245 ## - TITLE STATEMENT | |
| Title | Sahitya paribhashika pustaka male : Astitvavada |
| Remainder of title | ಸಾಹಿತ್ಯ ಪರಿಭಾಶಿಕ ಪುಸ್ತಕ ಮಾಲೆ : ಅಸ್ತಿತ್ವವಾದ |
| 260 ## - PUBLICATION, DISTRIBUTION, ETC. | |
| Place of publication, distribution, etc. | Bengaluru |
| Name of publisher, distributor, etc. | Karnataka Sahitya Akademi |
| Date of publication, distribution, etc. | 1989 |
| 300 ## - PHYSICAL DESCRIPTION | |
| Extent | vii,160 |
| 690 ## - LOCAL SUBJECT ADDED ENTRY--TOPICAL TERM (OCLC, RLIN) | |
| Topical term or geographic name as entry element | Kannada Criticism |
| 9 (RLIN) | 150907 |
| 700 ## - ADDED ENTRY--PERSONAL NAME | |
| Personal name | K V Tirumalesh |
| Dates associated with a name | ಕೆ ವಿ ತಿರುಮಲೇಶ್ |
| 9 (RLIN) | 215937 |
| 906 ## - LOCAL DATA ELEMENT F, LDF (RLIN) | |
| a | 043498 |
| 942 ## - ADDED ENTRY ELEMENTS (KOHA) | |
| Source of classification or shelving scheme | Dewey Decimal Classification |
| Koha item type | Book |
| Withdrawn status | Lost status | Source of classification or shelving scheme | Damaged status | Not for loan | Collection code | Home library | Current library | Shelving location | Date acquired | Cost, normal purchase price | Total Checkouts | Full call number | Barcode | Date last seen | Date last checked out | Price effective from | Koha item type |
|---|---|---|---|---|---|---|---|---|---|---|---|---|---|---|---|---|---|
| Dewey Decimal Classification | Kannada | St Aloysius Library | St Aloysius Library | 02/17/2021 | 10.00 | 2 | K894.9 GIRS | 043498 | 05/11/2026 | 04/28/2026 | 02/17/2021 | Book |